| 000 | 01213nam a2200337 i 4500 | ||
|---|---|---|---|
| 001 | 128314 | ||
| 003 | ES-MaACL | ||
| 005 | 20250825063335.0 | ||
| 007 | t| | ||
| 008 | 070629e1979 sp a||||r 00110 fre | ||
| 017 |
_aB 30020-1979 _bOficina Depósito Legal Barcelona |
||
| 020 | _a84-378-0659-3 | ||
| 080 | _a725.821(460.235 B.) | ||
| 080 | _a792.54(460.235 B.)"18/19" | ||
| 100 | 1 |
_aSàbat, Antoni, _d1935- _eaut _9132992 |
|
| 245 | 1 | 0 |
_aGran Teatre del Liceu / _ctext, Antoni Sàbat ; fotographies... Editorial Escudo de Oro |
| 250 | _a1ª ed. | ||
| 260 |
_aBarcelona : _bEscudo de Oro, _c1979 |
||
| 300 |
_a93 páginas : _bilustraciones (color) ; _c24 cm |
||
| 490 | 1 |
_aCollecció art a Espanya ; _v11 _9242021 |
|
| 500 | _aÍndice | ||
| 504 | _aBibliografía | ||
| 610 | 2 |
_aGran Teatre del Liceu _9242020 |
|
| 710 | 2 |
_aEditorial Escudo de Oro _epht _eedt _9172475 |
|
| 740 | 3 | 2 | _aLe Grand Theatre du Liceo |
| 830 | 0 |
_aCollecció art a Espanya ; _v11 _9242021 |
|
| 852 | 4 |
_aES-MaACL _bR.139765 _cDEPO2 _fBiblioteca Jacinto Martínez Lacalle _hLegado Jacinto Martínez Lacalle _jE-11791 |
|
| 942 |
_2udc _cMONOGRAFIA _n0 |
||
| 999 |
_c128314 _d128314 |
||